000 00333nam a2200157Ia 4500
003 OSt
005 20240304163635.0
008 170523s9999 xx 000 0 und d
020 _a978-8120319400
040 _cIIMTU
100 _aNIGAM
245 0 _aCOST ACCOUNTING
260 _bNEW DELHI PHI
260 _c2000
942 _2ddc
_c02
999 _c928
_d928